Global Language Vocabulary- L - Statistics

General Stats
  • This quiz has been taken 67 times
  • The average score is 3 of 12
Answer Stats
Language Answer % Correct
English Love
100%
French Amour
82%
Chinese (Simplified) 爱, ài
26%
Korean 사랑, sarang
16%
Ukrainian любов, lyubov
15%
Romanian Dragoste
6%
Irish Grá
6%
Arabic حب, habun
5%
Hindi प्यार, pyaar
5%
Xhosa Uthando
5%
Hebrew אהבה, ahavah
2%
Somali Jacaylka
0%
No matching quizzes found
Score Distribution
Percent of People with Each Score
Percentile by Number Answered
Your Score History
You have not taken this quiz